000 00721nam a2200217 u 4500
005 20240924071249.0
008 100614s19882006 r 000 0 eng d
020 _a9788431625863
035 _aUPN01000176496
049 _aCG
050 4 _aPR4611 A3
_bA4.8d
100 1 _aCarroll, Lewis,
_d1832-1898
245 1 0 _aAlicia en el país de las maravillas /
_cLewis Carroll ; tr. Luis Maristany ; il. John Tenniel.
260 _aBarcelona, Esp. :
_bVicens Vives,
_c1988 (2006 impr.).
300 _a120, 41 p. :
_bil.
440 0 _aAula de literatura ;
_v1
534 _pTítulo original:
_tAlice's adventures in Wonderlan
650 4 _aLiteratura inglesa
_95228
650 4 _aLiteratura infantil
_94445
905 _aLibro
999 _c148599
_d148599